Elaboració d'un instrument per avaluar la qualitat de l'atenció d'infermeria / direcció Lena Ferrús, Teresa Bellavista, Àngels Fontova
ISBN:
84-505-5525-6
Descripción Física:
133 p. ; 24 cm
Colección:
Butlletí planificació familiar ; 3
Materias:
Infermeria de salut pública -- Avaluació
MARC
| LEADER | 00000nam a2200000Ia 4500 | ||
|---|---|---|---|
| 001 | 8113 | ||
| 008 | 160829s9999 xx 000 0 cat d | ||
| 020 | |a 84-505-5525-6 | ||
| 080 | |a C-2-345 | ||
| 245 | |a Elaboració d'un instrument per avaluar la qualitat de l'atenció d'infermeria / direcció Lena Ferrús, Teresa Bellavista, Àngels Fontova | ||
| 260 | |a Barcelona : |b Diputació de Barcelona. Servei de Sanitat, DL 1987 | ||
| 300 | |a 133 p. ; |c 24 cm | ||
| 490 | |a Butlletí planificació familiar ; 3 | ||
| 590 | |a Bibliografia | ||
| 650 | |a Infermeria de salut pública |x Avaluació |9 27763 | ||
| 700 | 1 | |a Bellavista, Teresa |9 27764 | |
| 700 | 1 | |a Ferrús, Lena |9 27765 | |
| 700 | 1 | |a Fontova, Àngels |9 27766 | |
| 710 | 1 | |a Barcelona (Catalunya : Província). |b Servei de Sanitat |9 54402 | |
| 901 | |a Arxiu | ||
| 942 | |n 1 | ||
| 952 | |0 0 |1 0 |4 0 |6 C2345 |7 1 |9 44540 |a Arxiu |b Arxiu |d 2016-12-01 |l 0 |o C-2-345 |p 8113 |r 2016-12-01 00:00:00 |w 2016-12-01 |y ARXIU | ||
| 999 | |c 47121 |d 47121 | ||